Loading...
| Fine Arts - Classical Music | 4 | 27.50 | 4,850% | 775% | 775% |
| Fine Arts - Other | 3 | 20.00 | 6,967% | 567% | 267% |
| Fine Arts - Painting & Sculpture | 9 | 16.67 | 3,056% | 556% | 444% |
| History - American | 6 | 21.67 | 5,400% | 667% | 400% |
| History - European | 4 | 22.50 | 4,425% | 600% | 625% |
| History - Other | 4 | 17.50 | 1,600% | 575% | 600% |
| History - World | 8 | 21.25 | 5,863% | 488% | 500% |
| Literature - American | 7 | 24.29 | 5,329% | 600% | 857% |
| Literature - British | 7 | 21.43 | 5,543% | 743% | 500% |
| Literature - European | 8 | 21.25 | 5,250% | 613% | 500% |
| Literature - World | 10 | 18.00 | 5,820% | 310% | 400% |
| Mythology | 4 | 20.00 | 4,050% | 350% | 525% |
| Other | 9 | 17.78 | 3,222% | 456% | 622% |
| Philosophy | 5 | 26.00 | 7,420% | 500% | 860% |
| Religion | 7 | 21.43 | 4,629% | 429% | 686% |
| Science - Biology | 7 | 22.86 | 6,700% | 443% | 586% |
| Science - Chemistry | 6 | 23.33 | 6,467% | 533% | 533% |
| Science - Other | 7 | 25.71 | 5,786% | 814% | 600% |
| Science - Physics | 9 | 21.11 | 4,333% | 511% | 622% |
| Social Science | 8 | 23.75 | 5,063% | 600% | 713% |